| 000 | 04700cam a2200997 a 4500 | ||
|---|---|---|---|
| 999 | _c56525 | ||
| 001 | 10664877 | ||
| 003 | LIBRIS | ||
| 005 | 20210312130348.0 | ||
| 008 | 080129s2008 sw |||||||||||000 0|swe| | ||
| 020 |
_a9789137131979 _qinb. |
||
| 035 | _a(Bo)418027 | ||
| 035 | _a(Mo)b1692437 | ||
| 040 |
_aLGEN _dS _ea |
||
| 041 | _aswe | ||
| 082 | 0 | 4 |
_a391 _222 (machine generated) |
| 084 |
_aIhk _2kssb/8 |
||
| 084 |
_aIhk _2kssb/8 |
||
| 100 | 1 |
_aDavidsson, Johanna, _d1980- _0https://libris.kb.se/xv8chv1g5rglb6v#it |
|
| 245 | 1 | 0 |
_aVäskor - en passion : _blyx, funktion och personlig stil / _cJohanna Davidsson. |
| 264 | 1 |
_aStockholm : _bForum, _c2008 |
|
| 264 | 3 | _aSlovenien | |
| 300 |
_a119 s. _bill. _c25 cm |
||
| 340 | _b25 cm | ||
| 500 |
_5Li _aPliktex. |
||
| 500 |
_5Mo _asvenska |
||
| 561 | _5E | ||
| 650 | 7 |
_aHandväskor _0https://id.kb.se/term/sao/Handv%C3%A4skor _2sao |
|
| 650 | 0 | _aHandbags | |
| 650 | 4 | _aVäskor | |
| 856 | 4 |
_uhttp://194.68.4.214/bilder/b/9137131974.jpg _zOmslagsbild |
|
| 887 |
_a{"@id":"k2vvpvqw3krjvfr","modified":"2016-03-11T10:19:50+01:00","checksum":"14098746049"} _2librisxl |
||
| 887 |
_a{"@id":"8dl7p3tf1b65stn","modified":"2014-04-01T13:46:08+02:00","checksum":"22748725684"} _2librisxl |
||
| 887 |
_a{"@id":"chpn6jcj46gz0wg","modified":"2013-07-19T08:33:33+02:00","checksum":"24542997565"} _2librisxl |
||
| 887 |
_a{"@id":"djqnfnkk3pjtb8b","modified":"2008-05-21T14:32:33+02:00","checksum":"22626827975"} _2librisxl |
||
| 887 |
_a{"@id":"9fmlr6hg46zl254","modified":"2008-08-25T10:08:38+02:00","checksum":"37311605964"} _2librisxl |
||
| 887 |
_a{"@id":"z397x6g44ndc2ln","modified":"2017-02-07T14:18:12+01:00","checksum":"24441140912"} _2librisxl |
||
| 887 |
_a{"@id":"9fmlghvg0vp8722","modified":"2016-03-07T10:04:44+01:00","checksum":"31666399505"} _2librisxl |
||
| 887 |
_a{"@id":"37fczfw80h77l93","modified":"2008-04-28T10:04:32+02:00","checksum":"19237277979"} _2librisxl |
||
| 887 |
_a{"@id":"59hf85cb339fdpk","modified":"2014-12-08T11:31:12+01:00","checksum":"15576186673"} _2librisxl |
||
| 887 |
_a{"@id":"djrk3fvk5hs84rf","modified":"2015-06-22T11:03:20+02:00","checksum":"34092169525"} _2librisxl |
||
| 887 |
_a{"@id":"sx42sx8z4c87h87","modified":"2008-05-20T14:21:26+02:00","checksum":"28628395647"} _2librisxl |
||
| 887 |
_a{"@id":"hmtt7hjn19mk3j6","modified":"2009-02-23T11:30:15+01:00","checksum":"38364251347"} _2librisxl |
||
| 887 |
_a{"@id":"z397sw8400bqlzv","modified":"2008-04-23T13:28:38+02:00","checksum":"29572988186"} _2librisxl |
||
| 887 |
_a{"@id":"v064n0f156jmwr6","modified":"2008-04-22T08:45:28+02:00","checksum":"27860946346"} _2librisxl |
||
| 887 |
_a{"@id":"sx4gt1zz3djsrww","modified":"2011-12-06T15:33:24+01:00","checksum":"36782283318"} _2librisxl |
||
| 887 |
_a{"@id":"z397tgt45hs38pz","modified":"2008-04-28T13:11:20+02:00","checksum":"12431319698"} _2librisxl |
||
| 887 |
_a{"@id":"37fdc4483qn4qzj","modified":"2008-08-18T10:02:14+02:00","checksum":"32857319712"} _2librisxl |
||
| 887 |
_a{"@id":"sx4trvbz2z772tm","modified":"2014-09-26T15:02:29+02:00","checksum":"26781618598"} _2librisxl |
||
| 942 |
_2z _cBOOK |
||